000 00631nam a2200229Ia 4500
003 OSt
005 20221006164853.0
006 a|||||r|||| 00| 0
007 ta
008 221006b |||||||| |||| 00| 0 eng d
024 _a2,194
037 _cTextual
040 _aFML
_cFML
_beng
041 _2eng
_aeng
082 _aNR441wx, N0.7 -.8 -; 1
100 _aRajgopalan N Au.
245 0 _aTwin Garlands (Patrons and Therephy)
260 _aChennai
_bCarnatak Classicals
_c2005
300 _a284
_ccm.
942 _hNR441wx, N0.7 -.8 -; 1
_cTEXL
_2CC
999 _c1118771
_d1118771